| 000 | 00875nam a2200277 4500 | ||
|---|---|---|---|
| 001 | 0000015467 | ||
| 003 | CO-CtgCURN | ||
| 005 | 20250507215954.0 | ||
| 007 | ta | ||
| 008 | 160627s1993 000 0 eng d | ||
| 020 | _a8448701496 | ||
| 040 |
_aCO-CtgCURN _bspa _ccoctgcurn |
||
| 082 | 0 |
_a335.41 _bM322 |
|
| 100 | 1 | _aMarcuse, Herbert. | |
| 245 | 1 | 0 |
_aRazon y revoluci n / _cHerbert Marcuse. |
| 260 |
_aMadrid : _bAltaya, _c1993. |
||
| 300 | _a441 p. | ||
| 336 | _2rdacontent | ||
| 337 |
_2rdamedia _asin mediacion _bn |
||
| 338 |
_2rdacarrier _avolumen _bnc |
||
| 505 | 8 | _aFundamentos de la filosofia hegeliana.--Surgimiento de la teoria social.--Conclusion.--El final del hegelianismo | |
| 650 | 1 | 4 | _aSociologĂa historica. |
| 908 | _a160627 | ||
| 942 |
_cBK _h335.41 _iM322 _2ddc _n0 |
||
| 999 |
_c18418 _d18418 |
||